Tuesdays with Morrie (Record no. 10652)

MARC details
000 -LEADER
fixed length control field 00354nam a22001577a 4500
003 - CONTROL NUMBER IDENTIFIER
control field OSt
008 - FIXED-LENGTH DATA ELEMENTS--GENERAL INFORMATION
fixed length control field 210520b ||||| |||| 00| 0 eng d
020 ## - INTERNATIONAL STANDARD BOOK NUMBER
International Standard Book Number 9780751527377
100 ## - MAIN ENTRY--PERSONAL NAME
Personal name ALBOM,Mitch
245 ## - TITLE STATEMENT
Title Tuesdays with Morrie
250 ## - EDITION STATEMENT
Edition statement Rep
260 ## - PUBLICATION, DISTRIBUTION, ETC. (IMPRINT)
Place of publication, distribution, etc New Delhi
Name of publisher, distributor, etc Sphere
Date of publication, distribution, etc 2017
300 ## - PHYSICAL DESCRIPTION
Extent 201
650 ## - SUBJECT ADDED ENTRY--TOPICAL TERM
Topical term or geographic name as entry element Applied Sc
942 ## - ADDED ENTRY ELEMENTS (KOHA)
Source of classification or shelving scheme Dewey Decimal Classification
Koha item type Text Books
942 ## - ADDED ENTRY ELEMENTS (KOHA)
-- 25
Holdings
Withdrawn status Lost status Source of classification or shelving scheme Damaged status Not for loan Collection code Home library Current library Date acquired Source of acquisition Currency Cost, normal purchase price Bill Number Total Checkouts Full call number Acc. no. / Barcode Date last seen Date last borrowed Actual Cost, discounted price Bill Date Koha item type
    Dewey Decimal Classification     GENERAL PIET C-LIBRARY PIET C-LIBRARY 15/04/2021 Kirti Praskshan IN Rupees 299.00 IN2047 1 823 ALT 32891 22/08/2023 09/08/2023 239.20 15/04/2021 Text Books
    Dewey Decimal Classification     GENERAL PIET C-LIBRARY PIET C-LIBRARY 15/04/2021 Kirti Praskshan IN Rupees 299.00 IN2047 11 823 ALT 32892 07/11/2023 02/11/2023 239.20 15/04/2021 Text Books
    Dewey Decimal Classification     GENERAL PIET C-LIBRARY PIET C-LIBRARY 15/04/2021 Kirti Praskshan IN Rupees 299.00 IN2047 6 823 ALT 32893 28/10/2024 15/10/2024 239.20 15/04/2021 Text Books
    Dewey Decimal Classification     GENERAL PIET C-LIBRARY PIET C-LIBRARY 15/04/2021 Kirti Praskshan IN Rupees 299.00 IN2047 11 823 ALT 32894 23/05/2024 01/05/2024 239.20 15/04/2021 Text Books
    Dewey Decimal Classification     GENERAL PIET C-LIBRARY PIET C-LIBRARY 15/04/2021 Kirti Praskshan IN Rupees 299.00 IN2047 9 823 ALT 32895 03/10/2024 19/09/2024 239.20 15/04/2021 Text Books

Design & Developed by: PIET Central Library
R70 Miles Stone Pattikalyana Samalkha Panipat 132102
mail ID :- [email protected], Phone No:- 0180-2569700 Ex.216